Focus sur: Nimloth - Tolkien - Statistiques

Statistiques générales
  • Ce quiz a été pris 6 fois
  • Le résultat moyen est 9 sur 12
Statistiques - réponses
Informations recherchées Réponses % Correct
Royaume Doriath
100%
Espèce Elfe
100%
Première apparition Le Silmarillion
100%
Age durant lequel il vécut Premier
100%
Profession et titre Reine de Doriath
100%
Couleur des cheveux Sombre
100%
Fille Elwing
67%
Groupe de l'espèce Sindar
67%
Epoux Dior Eluchíl
33%
Eluréd
33%
Fils Elurín
33%
Cité Menegroth
33%
Aucun quiz correspondant
Distribution des résultats
% des personnes avec chaque résultat
Percentile par nombre de réponses
Votre historique - résultats
Vous n’avez pas pris ce quiz